Limits to medicine: Medical nemesis: The expropriation of health (Record no. 394679)

MARC details
000 -LEADER
fixed length control field 00540 a2200205 4500
005 - DATE & TIME
control field 20260313111001.0
008 - FIXED-LENGTH DATA ELEMENTS--GENERAL INFORMATION
fixed length control field 260312b |||||||| |||| 00| 0 eng d
020 ## - ISBN
International Standard Book Number 9789350027189
Price Rs. 895.00
040 ## - CATALOGING SOURCE
Original cataloging agency VIVEKANANDA LIBRARY
082 ## - DDC NUMBER
Classification number 306.461
Book Number I6L
100 ## - MAIN ENTRY--PERSONAL NAME
Personal name Ivan, Illich
245 ## - TITLE STATEMENT
Title Limits to medicine: Medical nemesis: The expropriation of health
260 ## - PUBLICATION, DISTRIBUTION, ETC. (IMPRINT)
Name of publisher, distributor, etc Aakar Books
Place of publication, distribution, etc Delhi
Date of publication, distribution, etc 2025
300 ## - PHYSICAL DESCRIPTION
Pages 305
650 ## - Subject
Subject Sociology
650 ## - Subject
Subject Culture
650 ## - Subject
Subject Social Aspects
650 ## - Subject
Subject Medical Sociology
942 ## - ADDED ENTRY ELEMENTS (KOHA)
Koha item type Books
Holdings
Withdrawn status Lost status Source of classification or shelving scheme Damaged status Not for loan Location (home branch) Sublocation or collection (holding branch) Shelving location Date acquired Koha issues (times borrowed) Koha full call number Accession No. Koha date last seen Koha item type
    Dewey Decimal Classification     VIVEKANANDA LIBRARY VIVEKANANDA LIBRARY Vivekananda Library 18/02/2026   306.461 I6L 438460 18/02/2026 Books
© Designed and Maintained by Vivekananda Library, MDU Rohtak